TV Series Finales Quiz Stats

 Plays Quiz Updated Oct 18, 2018

Score 0/20 Timer 07:00
5 Plays Today
Year Show % Correct
2004Friends
88.9%
1998Seinfeld
72.9%
1983M*A*S*H
72.1%
1993Cheers
64.1%
1991Dallas
39.8%
2004Frasier
38.9%
1992The Cosby Show
32.1%
1979All in the Family
29.5%
1984Happy Days
26.4%
2005Everybody Loves Raymond
25.9%
Year Show % Correct
1989Family Ties
16.7%
1999Home Improvement
16.2%
1992The Golden Girls
16.1%
1990Newhart
10.5%
1975Gunsmoke
8.9%
1988Magnum P.I.
7.2%
1992Tonight Show with Johnny Carson
6.2%
1992Night Court
5.8%
1967The Fugitive
5.3%
1994Star Trek: The Next Generation
5%

You're not logged in!

Compare scores with friends on all Sporcle quizzes.
OR
Log In

Sporcle TV

Today on Sporcle TV


Watch our educational content, quiz creation guides, and fun videos on Sporcle TV.

Show Comments

Extras

Top Quizzes Today


Score Distribution

Your Account Isn't Verified!

In order to create a playlist on Sporcle, you need to verify the email address you used during registration. Go to your Sporcle Settings to finish the process.

Report this User

Report this user for behavior that violates our Community Guidelines.

Details: